000 00544nmm a2200169Ia 4500
008 251105s9999||||xx |||||||||||||||||und||
020 _a9788482550770
041 _aspa
100 _aDekker, Eduard Douwes (Multatuli)
245 0 _aMax Hávelaar o las subastas de café de la Compañía Comercial Holandesa
264 _a[Madrid, España] :
_bLibros de la Frontera,
_c2009
300 _a449 páginas
490 _aPapeles literarios
650 _aOther narratives
856 _uhttps://public.digitaliapublishing.com/a/9014
942 _cCF
999 _c86032
_d86032